Henri-Georges Clouzot

Guardat en:
Dades bibliogràfiques
Autor principal: Pilard, Philippe (Autor)
Format: Llibre
Idioma:francès
Publicat: París Seghers 1969
Col·lecció:Cinéma D'Aujourd'hui, 56
Matèries:
Etiquetes: Afegir etiqueta
Sense etiquetes, Sigues el primer a etiquetar aquest registre!

MARC

LEADER 00000nam a2200000 a 4500
001 UCV8312
003 CL-VaPUC
008 910327e19690000FR |||||||||||||||||fre|d
082 0 4 |a 791.4309  |b PIL  |2 21 
100 0 |a Pilard, Philippe  |e author  |9 302376 
245 1 0 |a Henri-Georges Clouzot 
300 |a 186 p 
942 |c BK 
945 |d 19910327 00:00:00 
260 |a París  |b Seghers  |c 1969 
600 0 7 |a CLOUZOT, HENRI-GEORGES  |2 CL-VaPUC  |9 266429 
650 0 |a Cine  |x Producción y dirección  |9 264962 
583 |a last modification  |c 20180314 14:48:57  |k Rodrigo Vera 
490 0 |a Cinéma D'Aujourd'hui, 56 
999 |c 213850  |d 213848 
952 |0 0  |1 0  |4 0  |6 791_430900000000000_PIL_1969  |7 0  |8 P  |9 196633  |a BIBART  |b BIBART  |d 2019-11-14  |i 1207423  |o 791.4309 PIL 1969  |p 1207423  |r 2025-03-13  |w 2019-11-14  |y BK  |k ART